LA FUERZA DE TRABAJO EN EL CAPITALISMO MEXICANO: UN ENSAYO HISTORICO-ECONOMICO/

-д хадгалсан:
Номзүйн дэлгэрэнгүй
Үндсэн зохиолч: Martínez Escamilla, Ramón (autor)
Формат: Ном
Нөхцлүүд:
Шошгууд: Шошго нэмэх
Шошго байхгүй, Энэхүү баримтыг шошголох эхний хүн болох!

MARC

LEADER 00000nam^a2200000^a^4500
001 000224617
005 20250521000000.0
009 20260310104055.619
035 |a 043340 
037 |a Acervo Xavier Clavigero 
082 |a 331. 110972  |b MAR 
100 |a Martínez Escamilla, Ramón  |e (autor) 
245 1 3 |a LA FUERZA DE TRABAJO EN EL CAPITALISMO MEXICANO:  |b UN ENSAYO HISTORICO-ECONOMICO/  |c RAMON MARTINEZ ESCAMILLA 
264 |a MEXICO :  |b HADISE,  |c 1974 
300 |a 200p. 
336 |a texto  |b txt  |2 rdacontenido 
337 |a sin mediación  |b n  |2 rdamedio 
338 |a volumen  |b nc  |2 rdasoporte 
649 |a XX 
650 |a TRABAJO -  |x OFERTA -  |x MEXICO 
650 |a Capitalismo -  |z México 
910 |a Fondo General 
920 |a Impresos - Libros 
930 |a Colección General 
905 |a 101 
901 |a 043340  |b IT1  |c ACC  |i 043340  |u 20250521 
902 |a https://opac.biblio.iteso.mx/vufind/Record/000224617